000 00355nam a2200145Ia 4500
008 150201s2015 xx 000 0 und d
082 _a611
_bG15D
100 _aDRAKE, RICHARD L.
245 _aGRAY,S ANATOMY FOR STUDENTS
250 _a3RD
260 _bELSEVIER
_aPHILADELPHIA
_c2015
300 _a1-1161
650 _aHUMAN ANATOMY
942 _2ddc
_cBK
_05
999 _c1801
_d1801